000 00299nam a22001337a 4500
008 171201b xxu||||| |||| 00| 0 eng d
020 _a9781627513739
041 _aeng
080 _a51
100 _a36
101 _aMAT
245 _aCALCULUS AND ANALYTIC GEOMETRY
_cGILLETT, P
942 _2udc
_cBK
999 _c38686
_d38686